Diccionario de Galicismos, o sea de las voces, locuciones y frases de la lengua francesa

Tallennettuna:
Bibliografiset tiedot
Päätekijä: Baralt, Rafael María
Aineistotyyppi: Kirja
Kieli:Undetermined
Julkaistu: Madrid, España Leocadio López 1874
Aiheet:
Tagit: Lisää tagi
Ei tageja, Lisää ensimmäinen tagi!

MARC

LEADER 00000nam a2200000Ia 4500
008 170316s9999 xx 000 0 und d
040 |a cru BVZT 
090 |a REF 
100 |a Baralt, Rafael María 
245 |a Diccionario de Galicismos, o sea de las voces, locuciones y frases de la lengua francesa 
260 |a Madrid, España 
260 |b Leocadio López 
260 |c 1874 
300 |a 626 páginas 
650 |a REFERENCIA 
942 |c REF 
999 |c 14673  |d 14673